000 nam a22 7a 4500
999 _c137626
_d137624
005 20171026090430.0
008 171026b sp ||||| |||| 00| 0 spa d
020 _a8497720326
050 0 4 _aCB19
_bP53 2003
100 1 _aPichardo Galán, José Ignacio
245 1 0 _aReflexiones en torno a la cultura:
_buna apuesta por el interculturalismo /
_cJosé Ignacio Pichardo Galán,
250 _a1a ed.
260 _aMadrid, España:
_bDykinson,
_cc2003
300 _a138 p. ;
_c21 cm.
490 _aBiblioteca de humanidades contemporáneas ;
_v9
504 _aIncluye índice
650 4 _aCultura
650 4 _aCivilización
_xFilosofía
942 _2lcc
_cLIB